[Event "Mundial Juvenil femenino 2005 s12"]
[Site "Belfort FRA"]
[Date "2005.07.19"]
[Round "1.10"]
[White "Suarez Calvo, Alexandra"]
[Black "Langnerova, Karolina"]
[Result "1-0"]
[WhiteElo "1924"]
[BlackElo "1599"]
[PlyCount "117"]
[EventDate "2005.07.19"]
[EventType "swiss"]
[EventRounds "11"]
[EventCountry "FRA"]
[Source "lmi"]
[SourceDate "2005.07.31"]

1. e4 c5 2. Nf3 e6 3. d4 cxd4 4. Nxd4 Nf6 5. Nc3 Nc6 6. Be3 Bb4 7. Bd3 O-O 8.
O-O d5 9. exd5 exd5 10. h3 Bd7 11. a3 Bxc3 12. bxc3 Rc8 13. Bg5 Ne5 14. Re1 Re8
15. Re3 Nc4 16. Rxe8+ Bxe8 17. Bxf6 Qxf6 18. Qh5 g6 19. Qxd5 Qa6 20. Re1 b5 21.
Bxc4 bxc4 22. Qg5 Bd7 23. Re7 Qd6 24. Qe5 Qxe5 25. Rxe5 Kf8 26. Kf1 f6 27. Ra5
Rc7 28. Ke2 Ke7 29. Ke3 Kd6 30. Ra6+ Ke7 31. Ke4 Bc8 32. Rxa7 Bb7+ 33. Ke3 Rd7
34. f3 Bd5 35. Rxd7+ Kxd7 36. a4 Kc7 37. Nb5+ Kb6 38. Kd4 Bg8 39. Na3 Ka5 40.
Nxc4+ Kxa4 41. Kc5 Be6 42. Nd6 Ka5 43. c4 Ka6 44. Kc6 Ka7 45. Nb5+ Kb8 46. c5
Kc8 47. Kd6 Bd7 48. c6 Bf5 49. g4 Be6 50. Kxe6 f5 51. gxf5 gxf5 52. Kd6 h5 53.
Na7+ Kb8 54. c7+ Kxa7 55. Kd7 f4 56. c8=Q h4 57. Qc5+ Ka8 58. Qb5 Ka7 59. Kc7
1-0

[Event "Mundial Juvenil femenino 2005 s12"]
[Site "Belfort FRA"]
[Date "2005.07.19"]
[Round "1.13"]
[White "Le Bail, Arielle"]
[Black "Kohi, Camilla"]
[Result "1-0"]
[WhiteElo "1599"]
[BlackElo "1872"]
[PlyCount "69"]
[EventDate "2005.07.19"]
[EventType "swiss"]
[EventRounds "11"]
[EventCountry "FRA"]
[Source "lmi"]
[SourceDate "2005.07.31"]

1. d4 Nf6 2. Bg5 g6 3. Bxf6 exf6 4. e4 Bg7 5. Nc3 O-O 6. Bd3 b6 7. Nge2 Bb7 8.
O-O d6 9. Kh1 Nd7 10. f3 c5 11. Nb5 Qe7 12. c3 Rfc8 13. Qe1 a6 14. Na3 g5 15.
Ng3 Re8 16. Nf5 Qf8 17. Nc4 Re6 18. Qg3 d5 19. Ncd6 Bc6 20. exd5 Bxd5 21. c4
cxd4 22. cxd5 Re5 23. Rfe1 h5 24. f4 Rxe1+ 25. Rxe1 Nc5 26. Bb1 gxf4 27. Nh6+
Kh8 28. Nhxf7+ Qxf7 29. Nxf7+ Kg8 30. Nh6+ Kf8 31. Qg6 Bxh6 32. Qxh6+ Kf7 33.
Bg6+ Kg8 34. Qh7+ Kf8 35. Qf7# 1-0

[Event "Mundial Juvenil femenino 2005 s12"]
[Site "Belfort FRA"]
[Date "2005.07.19"]
[Round "1.14"]
[White "Batkovskyte, Dominyka"]
[Black "Lefevre, Margaux"]
[Result "0-1"]
[WhiteElo "1871"]
[BlackElo "1599"]
[PlyCount "81"]
[EventDate "2005.07.19"]
[EventType "swiss"]
[EventRounds "11"]
[EventCountry "FRA"]
[Source "lmi"]
[SourceDate "2005.07.31"]

1. d4 e6 2. c4 Nf6 3. Nc3 Bb4 4. e3 Nc6 5. Nf3 Ne7 6. Bd3 d5 7. O-O Bxc3 8.
bxc3 c5 9. cxd5 Nexd5 10. Bb5+ Bd7 11. Bxd7+ Qxd7 12. Ne5 Qc7 13. Bb2 O-O 14.
Ba3 Rfd8 15. Rc1 Ne4 16. Qd3 Ndf6 17. f3 Qxe5 18. dxe5 Rxd3 19. exf6 Nxf6 20.
Bxc5 Nd7 21. Bb4 Rxe3 22. Rfd1 Nf6 23. Bc5 Re2 24. Bxa7 h6 25. Bf2 Raxa2 26.
Rf1 Nd5 27. Ra1 Nxc3 28. Rxa2 Rxa2 29. Bb6 Kh7 30. g4 e5 31. h4 Nd5 32. Bc5 Rb2
33. Rd1 Nf4 34. Rd7 Ne6 35. Ba3 Rb3 36. Be7 Rxf3 37. Rxb7 Rg3+ 38. Kf2 Rxg4 39.
Bd6 f6 40. Be7 Rxh4 41. Kg3 0-1

[Event "Mundial Juvenil femenino 2005 s12"]
[Site "Belfort FRA"]
[Date "2005.07.19"]
[Round "1.15"]
[White "Ling, Xenia"]
[Black "Baciu, Diana"]
[Result "0-1"]
[WhiteElo "1599"]
[BlackElo "1849"]
[PlyCount "134"]
[EventDate "2005.07.19"]
[EventType "swiss"]
[EventRounds "11"]
[EventCountry "FRA"]
[Source "lmi"]
[SourceDate "2005.07.31"]

1. e4 c5 2. d3 e6 3. g3 Nc6 4. Bg2 Nge7 5. c3 d6 6. f4 g6 7. Nf3 Bg7 8. O-O O-O
9. Nbd2 Rb8 10. h3 b5 11. g4 f5 12. g5 b4 13. Qc2 fxe4 14. Nxe4 Nd5 15. Nh2
bxc3 16. bxc3 Nce7 17. Bd2 Nf5 18. Ng4 h5 19. gxh6 Nxh6 20. Rf3 Ne7 21. Re1
Nef5 22. Ng5 Re8 23. Qa4 a6 24. Qc2 Nf7 25. Kh2 Nxg5 26. fxg5 Qb6 27. Qa4 Qb5
28. Qxb5 Rxb5 29. Be3 Rb2 30. Rf2 Rxf2 31. Bxf2 Bxc3 32. Rb1 Kf7 33. Rb6 a5 34.
Kg1 Re7 35. Kf1 Ra7 36. Be4 Ra6 37. Rb8 Bd7 38. Rb7 Ke8 39. Rb8+ Ke7 40. Rb7
Kd8 41. Rb8+ Kc7 42. Rg8 d5 43. Bg2 Bg7 44. Nh6 Bxh6 45. gxh6 Nxh6 46. Rxg6 Nf5
47. Bxc5 Rc6 48. Bf2 Rc1+ 49. Be1 Ne3+ 50. Kf2 Nxg2 51. Rxg2 a4 52. h4 Bb5 53.
Rg3 Rc2+ 54. Ke3 Rxa2 55. h5 Rh2 56. Rg7+ Kc6 57. Rg5 Rh3+ 58. Bg3 a3 59. Ke2
a2 60. Be5 Rxd3 61. Kf2 d4 62. Rg1 Rh3 63. Bxd4 Rxh5 64. Ra1 Bc4 65. Ke3 Kd5
66. Bg7 Rf5 67. Kd2 e5 0-1

[Event "Mundial Juvenil femenino 2005 s12"]
[Site "Belfort FRA"]
[Date "2005.07.19"]
[Round "1.16"]
[White "Messina, Roberta"]
[Black "Lisac, Tihana"]
[Result "1/2-1/2"]
[WhiteElo "1845"]
[BlackElo "1599"]
[PlyCount "76"]
[EventDate "2005.07.19"]
[EventType "swiss"]
[EventRounds "11"]
[EventCountry "FRA"]
[Source "lmi"]
[SourceDate "2005.07.31"]

1. e4 e5 2. Nf3 Nc6 3. d4 exd4 4. Nxd4 Nxd4 5. Qxd4 d6 6. Nc3 Nf6 7. Bg5 Be7 8.
Bc4 O-O 9. O-O c6 10. Rad1 Ne8 11. Bf4 Be6 12. Bxe6 fxe6 13. Bg3 Kh8 14. f4 Bh4
15. Bf2 Bxf2+ 16. Rxf2 b6 17. Rdf1 Qe7 18. e5 d5 19. f5 exf5 20. Rxf5 Rxf5 21.
Rxf5 Nc7 22. Qf2 Kg8 23. a3 Re8 24. Ne2 Ne6 25. Nd4 Nxd4 26. Qxd4 Qe6 27. Qf4
c5 28. Rg5 Rf8 29. Qg3 g6 30. h3 Rf5 31. Rxf5 Qxf5 32. e6 Qxe6 33. Qb8+ Kg7 34.
Qxa7+ Kg8 35. Qb8+ Kg7 36. Qc7+ Kg8 37. Qd8+ Kg7 38. Qc7+ Kg8 1/2-1/2

[Event "Mundial Juvenil femenino 2005 s12"]
[Site "Belfort FRA"]
[Date "2005.07.19"]
[Round "1.17"]
[White "Mammadbayova, Farida"]
[Black "Pujari, Rucha"]
[Result "1-0"]
[WhiteElo "1599"]
[BlackElo "1833"]
[PlyCount "79"]
[EventDate "2005.07.19"]
[EventType "swiss"]
[EventRounds "11"]
[EventCountry "FRA"]
[Source "lmi"]
[SourceDate "2005.07.31"]

1. e4 e6 2. d4 c5 3. Nf3 cxd4 4. Nxd4 Qb6 5. Nb3 Nf6 6. Bd3 Nc6 7. O-O d5 8.
Be3 Qc7 9. Nc3 Bd6 10. f4 e5 11. exd5 exf4 12. Nb5 Qe7 13. Nxd6+ Qxd6 14. dxc6
fxe3 15. Bb5 Ke7 16. Qf3 bxc6 17. Rad1 Qe5 18. Qxc6 Rb8 19. a4 Be6 20. Nd4 Rhc8
21. Qa6 Qc5 22. Rfe1 Nd5 23. c4 Nb4 24. Qa5 a6 25. Nb3 Nc6 26. Bxc6 Qxc6 27.
Rxe3 Qxc4 28. Rc3 Qf4 29. Rf3 Qg4 30. Nd2 Rxb2 31. Qe5 Rcc2 32. Qe3 Qb4 33.
Qg5+ Ke8 34. Rf2 Qd4 35. g3 Kf8 36. Kg2 Bd5+ 37. Kg1 Bf3 38. Re1 Rxd2 39. Qe7+
Kg8 40. Qe8# 1-0

[Event "Mundial Juvenil femenino 2005 s12"]
[Site "Belfort FRA"]
[Date "2005.07.19"]
[Round "1.19"]
[White "Mencacci, Tiphanie"]
[Black "Dudas, Szilvia"]
[Result "0-1"]
[WhiteElo "1599"]
[BlackElo "1641"]
[PlyCount "51"]
[EventDate "2005.07.19"]
[EventType "swiss"]
[EventRounds "11"]
[EventCountry "FRA"]
[Source "lmi"]
[SourceDate "2005.07.31"]

1. e4 e5 2. Nf3 Nc6 3. d4 exd4 4. Bc4 Bc5 5. O-O h6 6. Re1 Nge7 7. Nbd2 O-O 8.
Nb3 Bb4 9. Bd2 d5 10. exd5 Nxd5 11. Nbxd4 Nxd4 12. Nxd4 Bc5 13. Nb3 Bb6 14.
Bxh6 Qf6 15. Rf1 Be6 16. Bd2 Rad8 17. Bd3 Bf5 18. Bxf5 Qxf5 19. Qe2 Qxc2 20.
Rab1 Nb4 21. Rfc1 Rfe8 22. Qg4 Qe4 23. Qg3 Nd3 24. Rf1 Nxf2 25. Rxf2 Qxb1+ 26.
Nc1 0-1

[Event "Mundial Juvenil femenino 2005 s12"]
[Site "Belfort FRA"]
[Date "2005.07.19"]
[Round "1.20"]
[White "Abdalla, Mona Khaled"]
[Black "Moisejeva, Julija"]
[Result "1/2-1/2"]
[WhiteElo "1599"]
[BlackElo "1599"]
[PlyCount "76"]
[EventDate "2005.07.19"]
[EventType "swiss"]
[EventRounds "11"]
[EventCountry "FRA"]
[Source "lmi"]
[SourceDate "2005.07.31"]

1. d4 Nf6 2. Nf3 d5 3. e3 Nc6 4. Nbd2 Bg4 5. Bd3 e6 6. O-O Bd6 7. h3 Bf5 8. Re1
Bxd3 9. cxd3 Nb4 10. Qb3 Rb8 11. e4 Be7 12. Nf1 O-O 13. e5 Nd7 14. Bd2 Nc6 15.
Rac1 Nb6 16. Ng3 Bh4 17. Bf4 Qe7 18. Qc3 Bxg3 19. Bxg3 Qb4 20. a3 Qxc3 21. Rxc3
Na4 22. Rc2 Rbc8 23. b4 a6 24. Rb1 Ne7 25. b5 axb5 26. Rxb5 Nb6 27. a4 Nxa4 28.
Rxb7 Nf5 29. Rcxc7 Rxc7 30. Rxc7 h6 31. Rb7 Nc3 32. Kf1 Ra8 33. Ke1 Ra2 34.
Rb8+ Kh7 35. Rb3 Ne7 36. Rb7 Kg8 37. Rb8+ Kh7 38. Rb7 Kg8 1/2-1/2

[Event "Mundial Juvenil femenino 2005 s12"]
[Site "Belfort FRA"]
[Date "2005.07.20"]
[Round "2.1"]
[White "Hakimifard, Ghazal"]
[Black "Paikidze, Nazi"]
[Result "0-1"]
[WhiteElo "1599"]
[BlackElo "2083"]
[PlyCount "104"]
[EventDate "2005.07.19"]
[EventType "swiss"]
[EventRounds "11"]
[EventCountry "FRA"]
[Source "lmi"]
[SourceDate "2005.07.31"]

1. e4 c5 2. Nc3 d6 3. f4 g6 4. Nf3 Bg7 5. Bc4 e6 6. O-O Ne7 7. Qe1 O-O 8. d3 d5
9. Bb3 Nbc6 10. f5 dxe4 11. dxe4 exf5 12. Qh4 Ne5 13. Bg5 Nxf3+ 14. Rxf3 Qd4+
15. Kh1 Nc6 16. Rd1 Qe5 17. Nd5 Qxe4 18. Rf4 Qe2 19. Re1 Qh5 20. Qg3 h6 21. Bf6
Bd7 22. Rh4 f4 23. Qc3 Qxh4 24. Bxg7 Qxe1+ 25. Qxe1 Kxg7 26. Qc3+ Nd4 27. Qxc5
Nxb3 28. Qc3+ f6 29. Qxb3 Rae8 30. h3 Bc6 31. Nxf4 Re1+ 32. Kh2 Rfe8 33. Qd3
R1e4 34. Qg3 g5 35. Nd3 Re2 36. Nf4 R2e4 37. Nd3 Re3 38. Qg4 R8e4 39. Qf5 Re2
40. Kg1 Rxg2+ 41. Kf1 Rd2 42. Qa5 Ree2 43. Qc7+ Kg6 44. Ne1 Rh2 45. Qxh2 Rxh2
46. Kg1 Rxh3 47. Kf2 g4 48. c3 g3+ 49. Ke2 Rh2+ 50. Kf1 g2+ 51. Nxg2 Rxg2 52.
Ke1 h5 0-1

[Event "Mundial Juvenil femenino 2005 s12"]
[Site "Belfort FRA"]
[Date "2005.07.20"]
[Round "2.2"]
[White "Bulmaga, Irina"]
[Black "Le Bail, Arielle"]
[Result "1/2-1/2"]
[WhiteElo "2074"]
[BlackElo "1599"]
[PlyCount "107"]
[EventDate "2005.07.19"]
[EventType "swiss"]
[EventRounds "11"]
[EventCountry "FRA"]
[Source "lmi"]
[SourceDate "2005.07.31"]

1. e4 e6 2. Qe2 Be7 3. Nf3 d5 4. d3 Nf6 5. g3 c5 6. Bg2 b6 7. O-O Bb7 8. Nbd2
Nc6 9. Re1 Qc7 10. a3 h6 11. Nf1 g5 12. exd5 Nxd5 13. Ne5 Nxe5 14. Qxe5 Qxe5
15. Rxe5 O-O-O 16. Re1 Kb8 17. Nd2 h5 18. Nf3 Rdg8 19. Ne5 f6 20. Nc4 Nc7 21.
Bxb7 Kxb7 22. Bd2 Rh7 23. Kg2 h4 24. f3 Rgh8 25. Rh1 Nd5 26. Rae1 hxg3 27. hxg3
Rxh1 28. Rxh1 Rxh1 29. Kxh1 Kc6 30. Kg2 Bd8 31. Kf2 Bc7 32. Be1 f5 33. Ke2 Kb7
34. Ne3 Be5 35. Nd1 Kc6 36. c3 b5 37. c4 Nb6 38. b3 Nc8 39. Kf2 Kb6 40. Bd2 f4
41. gxf4 Bxf4 42. Bxf4 gxf4 43. cxb5 Kxb5 44. Nc3+ Kc6 45. b4 cxb4 46. axb4 Nd6
47. Kg2 Nb5 48. Ne2 e5 49. Kf2 Nd4 50. Nc3 Nc2 51. b5+ Kc5 52. Ke2 Kb4 53. Kd2
Nd4 54. Nb1 1/2-1/2

[Event "Mundial Juvenil femenino 2005 s12"]
[Site "Belfort FRA"]
[Date "2005.07.20"]
[Round "2.3"]
[White "Lefevre, Margaux"]
[Black "Lolici, Iselin"]
[Result "1-0"]
[WhiteElo "1599"]
[BlackElo "2049"]
[PlyCount "101"]
[EventDate "2005.07.19"]
[EventType "swiss"]
[EventRounds "11"]
[EventCountry "FRA"]
[Source "lmi"]
[SourceDate "2005.07.31"]

1. e4 c5 2. Nf3 Nc6 3. d4 cxd4 4. Nxd4 Nf6 5. Nc3 g6 6. Nxc6 bxc6 7. e5 Ng8 8.
Bc4 Bg7 9. Qf3 e6 10. Bf4 f5 11. exf6 Nxf6 12. Bd6 Qb6 13. Bb3 Bb7 14. O-O-O c5
15. Qg3 Rc8 16. Bc4 Nh5 17. Qh3 Rc6 18. Qd3 Nf6 19. Bb5 Rc8 20. Na4 Qd8 21.
Nxc5 Bxg2 22. Rhe1 Bd5 23. Nxe6 Bxe6 24. Rxe6+ Kf7 25. Re7+ Qxe7 26. Bxe7 Kxe7
27. Re1+ Kd8 28. Qd6 Re8 29. Rxe8+ Kxe8 30. Ba6 Rd8 31. f3 Nh5 32. Bb5 Bh6+ 33.
Kd1 Bf4 34. Qd3 Kf7 35. Bc4+ Kf8 36. h3 d6 37. Qd5 Rd7 38. Qg8+ Ke7 39. Qxh7+
Kd8 40. Qxg6 d5 41. Bb5 Rg7 42. Qxh5 Rg1+ 43. Ke2 Rg2+ 44. Kd3 Rd2+ 45. Kc3 d4+
46. Kb3 Be3 47. f4 Rf2 48. f5 Rg2 49. Qe8+ Kc7 50. Qc6+ Kb8 51. Qxg2 1-0

[Event "Mundial Juvenil femenino 2005 s12"]
[Site "Belfort FRA"]
[Date "2005.07.20"]
[Round "2.4"]
[White "Cori T., Deysi"]
[Black "Mammadbayova, Farida"]
[Result "1-0"]
[WhiteElo "2035"]
[BlackElo "1599"]
[PlyCount "75"]
[EventDate "2005.07.19"]
[EventType "swiss"]
[EventRounds "11"]
[EventCountry "FRA"]
[Source "lmi"]
[SourceDate "2005.07.31"]

1. d4 Nf6 2. c4 e6 3. Nf3 c5 4. Nc3 cxd4 5. Nxd4 Bb4 6. Bd2 O-O 7. e3 d5 8. Nc2
Bxc3 9. Bxc3 Ne4 10. Qd4 f6 11. Rd1 Nc6 12. Qd3 Nc5 13. Qd2 Ne4 14. Qd3 Nc5 15.
Qd2 dxc4 16. Qxd8 Rxd8 17. Rxd8+ Nxd8 18. Bxc4 Nc6 19. Ke2 a6 20. b4 Ne4 21.
Bd4 Nd6 22. Bd3 Nxd4+ 23. Nxd4 e5 24. Nb3 Be6 25. Nc5 Bxa2 26. Rd1 Rd8 27. Rd2
Bf7 28. Be4 Bc4+ 29. Ke1 b6 30. Na4 Kf7 31. Nxb6 Bb5 32. Bd5+ Ke7 33. Bb3 Bc6
34. Rc2 Bxg2 35. Rc7+ Kf8 36. Nd7+ Ke8 37. Nc5 Nf5 38. Bf7+ 1-0

[Event "Mundial Juvenil femenino 2005 s12"]
[Site "Belfort FRA"]
[Date "2005.07.20"]
[Round "2.5"]
[White "Mitra, Hejazipour"]
[Black "Danelia, Mariam"]
[Result "0-1"]
[WhiteElo "1599"]
[BlackElo "1991"]
[PlyCount "157"]
[EventDate "2005.07.19"]
[EventType "swiss"]
[EventRounds "11"]
[EventCountry "FRA"]
[Source "lmi"]
[SourceDate "2005.07.31"]

1. e4 c5 2. Nf3 d6 3. Bb5+ Bd7 4. Bxd7+ Qxd7 5. O-O Nc6 6. b3 Nf6 7. Re1 g6 8.
Bb2 Bg7 9. c3 O-O 10. d4 cxd4 11. cxd4 e6 12. Nc3 Rac8 13. e5 dxe5 14. dxe5
Qxd1 15. Raxd1 Ng4 16. Nb5 Rfd8 17. Rxd8+ Rxd8 18. h3 Nh6 19. g4 Bf8 20. Kg2 a6
21. Nc3 Bb4 22. a3 Bxc3 23. Bxc3 Kg7 24. Ng5 Ng8 25. Re3 h6 26. Ne4 Nge7 27.
Rf3 Nd5 28. Bb2 g5 29. Nd6 Nf4+ 30. Kh2 Rd7 31. h4 Kg6 32. h5+ Kg7 33. Kg1 Ne7
34. a4 b6 35. Ba3 Ned5 36. Ne8+ Kg8 37. Kh2 b5 38. a5 Rb7 39. Bc5 Rb8 40. Nd6
Ne7 41. b4 Nc6 42. Re3 Nd5 43. Re4 Rd8 44. Kg1 Nc3 45. Re3 Na4 46. Kg2 Nxa5 47.
bxa5 Nxc5 48. Rf3 Rd7 49. Rc3 Nb7 50. Ne8 Rd8 51. Nf6+ Kg7 52. Ra3 Nc5 53. Rc3
Nd3 54. Ne8+ Kh8 55. Nc7 Nb4 56. Rf3 Kg7 57. Rf6 Nd5 58. Nxd5 Rxd5 59. f4 gxf4
60. Rxf4 Rxe5 61. Kf2 Rc5 62. Ke3 Rc3+ 63. Kd4 Rc4+ 64. Ke5 Rxf4 65. Kxf4 b4
66. Ke4 b3 67. Kd3 b2 68. Kc2 Kf6 69. Kxb2 e5 70. Kc3 Kg5 71. Kc4 Kxg4 72. Kd5
Kf4 73. Kc6 e4 74. Kb6 e3 75. Kxa6 e2 76. Kb7 e1=Q 77. a6 Qa5 78. a7 Qxa7+ 79.
Kxa7 0-1

[Event "Mundial Juvenil femenino 2005 s12"]
[Site "Belfort FRA"]
[Date "2005.07.20"]
[Round "2.6"]
[White "Narva, Trlin"]
[Black "Pavlidou, Ekaterini"]
[Result "0-1"]
[WhiteElo "1599"]
[BlackElo "1970"]
[PlyCount "110"]
[EventDate "2005.07.19"]
[EventType "swiss"]
[EventRounds "11"]
[EventCountry "FRA"]
[Source "lmi"]
[SourceDate "2005.07.31"]

1. e4 c5 2. Nf3 e6 3. d4 cxd4 4. Nxd4 Nf6 5. Nc3 Nc6 6. Nxc6 bxc6 7. Bd3 Bb4 8.
Bd2 e5 9. O-O O-O 10. a3 Ba5 11. Re1 Rb8 12. b4 Bc7 13. Na4 d5 14. exd5 cxd5
15. c4 e4 16. Bf1 d4 17. Bg5 Qd6 18. g3 Bg4 19. Qd2 e3 20. fxe3 Ne4 21. Qxd4
Qxd4 22. exd4 Nxg5 23. Re7 Rbc8 24. Bg2 Rfe8 25. Rae1 Be6 26. Rxe8+ Rxe8 27.
Nc5 Kf8 28. d5 Bc8 29. Rd1 Bb6 30. d6 Ba6 31. d7 Rd8 32. Kh1 Bxc5 33. bxc5 Ne6
34. c6 Ke7 35. Bd5 Kd6 36. Kg2 Kc7 37. Kf2 Rb8 38. Bxe6 fxe6 39. c5 Rd8 40. Rd6
Bb5 41. Rxe6 Bxc6 42. Re5 Rxd7 43. Ke3 Kd8 44. Kf4 Re7 45. Rf5 Ke8 46. Kg5 h6+
47. Kh4 Re4+ 48. Kh5 Ke7 49. Kg6 Rg4+ 50. Kh5 Rc4 51. g4 Rc3 52. Re5+ Kf6 53.
Rf5+ Ke6 54. Rf2 Be8+ 55. Kh4 g5# 0-1

[Event "Mundial Juvenil femenino 2005 s12"]
[Site "Belfort FRA"]
[Date "2005.07.20"]
[Round "2.7"]
[White "Szabo, Noemi"]
[Black "Orlova, Yelizabeta"]
[Result "1-0"]
[WhiteElo "1939"]
[BlackElo "1599"]
[PlyCount "193"]
[EventDate "2005.07.19"]
[EventType "swiss"]
[EventRounds "11"]
[EventCountry "FRA"]
[Source "lmi"]
[SourceDate "2005.07.31"]

1. e4 c5 2. Nf3 Nc6 3. d4 cxd4 4. Nxd4 g6 5. Be3 Bg7 6. Nc3 Nf6 7. f3 O-O 8.
Qd2 d5 9. exd5 Nxd5 10. Nxd5 Qxd5 11. Nxc6 Qxc6 12. O-O-O Be6 13. Kb1 a5 14. h4
Rfc8 15. h5 b5 16. hxg6 fxg6 17. Rh4 a4 18. a3 Bc4 19. Bxc4+ bxc4 20. Qd5+ Qxd5
21. Rxd5 c3 22. Bd4 Rab8 23. Bxg7 Rxb2+ 24. Kc1 Kxg7 25. Rxa4 Rcb8 26. Rb4
R8xb4 27. axb4 Rxb4 28. Rc5 Rh4 29. Rxc3 Rh2 30. g4 h5 31. Re3 Kf7 32. c4 h4
33. c5 Ra2 34. f4 Ra4 35. Rc3 Ke8 36. Rh3 Rxf4 37. Rxh4 Rc4+ 38. Kd2 Rxc5 39.
Ke3 Rc4 40. Kf3 Kf7 41. Kg3 e5 42. Kf3 Rf4+ 43. Ke3 Kf6 44. Rh8 Rxg4 45. Rf8+
Ke7 46. Ra8 g5 47. Ra7+ Kf6 48. Ra6+ Kf5 49. Ra8 Rf4 50. Rf8+ Kg4 51. Re8 Rf3+
52. Ke4 Rf5 53. Rh8 Rf3 54. Rg8 Rh3 55. Kxe5 Rh5 56. Ke4 Kg3 57. Ra8 g4 58.
Ra3+ Kh4 59. Kf4 Rb5 60. Ra8 Rb4+ 61. Ke3 Kg3 62. Ra2 Rb3+ 63. Ke4 Rf3 64. Ra8
Rf2 65. Rg8 Kh3 66. Ke3 Rf3+ 67. Ke2 Kg3 68. Rg7 Rf4 69. Ke3 Ra4 70. Rg8 Kg2
71. Rb8 Ra2 72. Rg8 g3 73. Kf4 Rf2+ 74. Ke3 Rf3+ 75. Ke2 Ra3 76. Rb8 Ra2+ 77.
Ke3 Kg1 78. Rb1+ Kg2 79. Rb8 Rf2 80. Rg8 Rf3+ 81. Ke2 Rb3 82. Ra8 Rb1 83. Rg8
Kh2 84. Rh8+ Kg1 85. Rg8 g2 86. Kf3 Rb3+ 87. Ke2 Kh2 88. Kf2 Rb2+ 89. Kf3 Kg1
90. Rd8 Rf2+ 91. Kg3 Kf1 92. Rd4 Ke2 93. Rd2+ Ke3 94. Rd3+ Ke2 95. Rd2+ Kf1 96.
Rxf2+ Ke1 97. Rxg2 1-0

[Event "Mundial Juvenil femenino 2005 s12"]
[Site "Belfort FRA"]
[Date "2005.07.20"]
[Round "2.8"]
[White "Neuhauser, Salome"]
[Black "Suarez Calvo, Alexandra"]
[Result "1-0"]
[WhiteElo "1599"]
[BlackElo "1924"]
[PlyCount "57"]
[EventDate "2005.07.19"]
[EventType "swiss"]
[EventRounds "11"]
[EventCountry "FRA"]
[Source "lmi"]
[SourceDate "2005.07.31"]

1. e4 e6 2. d3 d5 3. Nf3 c5 4. Nbd2 Nc6 5. g3 Nf6 6. Bg2 Be7 7. O-O O-O 8. Re1
h6 9. h4 b5 10. e5 Nd7 11. Nf1 a5 12. Bf4 b4 13. N1h2 a4 14. a3 bxa3 15. bxa3
Ba6 16. Qd2 Re8 17. Bxh6 gxh6 18. Qxh6 Nf8 19. Ng4 Nh7 20. Ng5 Bxg5 21. hxg5
Qe7 22. Nf6+ Nxf6 23. gxf6 Qf8 24. Qh5 Nd4 25. g4 Nxc2 26. Kh2 Bxd3 27. Rh1 Bg6
28. Qh4 Nd4 29. Kg1 1-0

[Event "Mundial Juvenil femenino 2005 s12"]
[Site "Belfort FRA"]
[Date "2005.07.20"]
[Round "2.9"]
[White "Solovyova, Yeunyzaveta"]
[Black "Pereira, Amanda Marques"]
[Result "1/2-1/2"]
[WhiteElo "1921"]
[BlackElo "1599"]
[PlyCount "131"]
[EventDate "2005.07.19"]
[EventType "swiss"]
[EventRounds "11"]
[EventCountry "FRA"]
[Source "lmi"]
[SourceDate "2005.07.31"]

1. e4 c6 2. d3 d5 3. Nd2 g6 4. Ngf3 Bg4 5. Be2 Bg7 6. c3 e6 7. Qb3 Qc8 8. O-O
Ne7 9. h3 Bxf3 10. Nxf3 O-O 11. Bf4 Nd7 12. Bd6 Re8 13. Rfe1 dxe4 14. dxe4 c5
15. Bxe7 Rxe7 16. Rad1 Qc7 17. Bf1 Rd8 18. g3 Ree8 19. Bg2 Nf6 20. Nd2 b6 21.
Nc4 Rxd1 22. Rxd1 Rd8 23. a4 Rxd1+ 24. Qxd1 Qd7 25. Qc2 Ne8 26. Kh2 Qc7 27. Qd3
Nf6 28. b4 cxb4 29. cxb4 Qd7 30. Qb3 Qd4 31. Qc2 Nd7 32. b5 Nc5 33. Bf3 Qc3 34.
Bd1 Qxc2 35. Bxc2 Kf8 36. Nd6 Be5 37. Nc4 Bc7 38. Kg2 Ke7 39. Kf3 Kf6 40. Ke3
e5 41. Kd2 Ke6 42. f3 Kd7 43. Ke3 Ke6 44. Nd2 Kd6 45. Nb1 Ne6 46. Nc3 Nd4 47.
Bd1 Kc5 48. Nd5 Bd8 49. Kd3 f5 50. Kc3 fxe4 51. fxe4 Ne6 52. h4 Nd4 53. Nb4 Be7
54. Nd3+ Kd6 55. Kc4 Ke6 56. Bg4+ Kd6 57. Nb4 Bf8 58. Bd1 Be7 59. Nd5 Bf8 60.
Bg4 Ne6 61. Bxe6 Kxe6 62. Nc3 Bc5 63. a5 Bf2 64. axb6 axb6 65. Ne2 Kd6 66. Kb4
1/2-1/2

[Event "Mundial Juvenil femenino 2005 s12"]
[Site "Belfort FRA"]
[Date "2005.07.20"]
[Round "2.10"]
[White "Baciu, Diana"]
[Black "Petrova, Olga"]
[Result "0-1"]
[WhiteElo "1849"]
[BlackElo "1599"]
[PlyCount "78"]
[EventDate "2005.07.19"]
[EventType "swiss"]
[EventRounds "11"]
[EventCountry "FRA"]
[Source "lmi"]
[SourceDate "2005.07.31"]

1. e4 c5 2. Nc3 Nc6 3. Bb5 g6 4. Bxc6 bxc6 5. f4 Bg7 6. Nf3 d6 7. O-O Nf6 8. d3
O-O 9. h3 e6 10. e5 Nd5 11. Ne4 dxe5 12. Nxe5 Nxf4 13. Nxc6 Qd7 14. Bxf4 Qxc6
15. c3 f5 16. Nd2 e5 17. Bh2 Bb7 18. Qe2 Rad8 19. Nc4 Qd5 20. Rad1 Rfe8 21. Qf3
Qd7 22. Qe3 Qc6 23. Qf2 Qb5 24. Rfe1 f4 25. Qh4 h6 26. a3 g5 27. Qh5 e4 28. a4
Qa6 29. h4 Bc6 30. hxg5 hxg5 31. Qxg5 exd3 32. Rxe8+ Rxe8 33. Qxc5 Bxa4 34.
Rxd3 Bb5 35. Qd5+ Re6 36. b3 Qa1+ 37. Rd1 Bd4+ 38. cxd4 Qxd1+ 39. Kf2 Qe2+ 0-1

[Event "Mundial Juvenil femenino 2005 s12"]
[Site "Belfort FRA"]
[Date "2005.07.20"]
[Round "2.12"]
[White "Dudas, Szilvia"]
[Black "Russell, Luthien"]
[Result "0-1"]
[WhiteElo "1641"]
[BlackElo "1599"]
[PlyCount "72"]
[EventDate "2005.07.19"]
[EventType "swiss"]
[EventRounds "11"]
[EventCountry "FRA"]
[Source "lmi"]
[SourceDate "2005.07.31"]

1. e4 c5 2. c3 b6 3. d4 Bb7 4. Bd3 Nf6 5. Qe2 Nc6 6. Be3 e6 7. f4 cxd4 8. cxd4
Nb4 9. Nd2 Nxd3+ 10. Qxd3 Be7 11. Ngf3 O-O 12. O-O d5 13. e5 Ne4 14. a3 Rc8 15.
Rac1 Qd7 16. h3 Bc6 17. Rfe1 Ng3 18. Bf2 Bb5 19. Qb1 Ne2+ 20. Rxe2 Rxc1+ 21.
Qxc1 Bxe2 22. Qe1 Ba6 23. Qe3 Rc8 24. Qb3 Qc7 25. Kh2 Bc4 26. Qa4 b5 27. Qc2 b4
28. a4 Qb7 29. b3 Be2 30. Qb2 Qc7 31. Be3 Qc3 32. Qxc3 bxc3 33. Nb1 c2 34. Nc3
Rxc3 35. Bc1 Bxf3 36. gxf3 Rxb3 0-1

[Event "Mundial Juvenil femenino 2005 s12"]
[Site "Belfort FRA"]
[Date "2005.07.20"]
[Round "2.14"]
[White "Castro, Natalia"]
[Black "Shakryan, Zozan"]
[Result "0-1"]
[WhiteElo "1599"]
[BlackElo "1599"]
[PlyCount "114"]
[EventDate "2005.07.19"]
[EventType "swiss"]
[EventRounds "11"]
[EventCountry "FRA"]
[Source "lmi"]
[SourceDate "2005.07.31"]

1. e4 c5 2. c3 d6 3. d4 cxd4 4. cxd4 Nf6 5. Nc3 a6 6. a3 Nc6 7. Bc4 e6 8. Nf3
b5 9. Bb3 Bb7 10. O-O Be7 11. Be3 Na5 12. Nd2 Nxb3 13. Qxb3 O-O 14. a4 Rb8 15.
axb5 axb5 16. d5 b4 17. Nd1 exd5 18. Ba7 Ra8 19. Qxb4 Qd7 20. exd5 Nxd5 21. Qa3
Nf4 22. Ne3 d5 23. Qa4 Qxa4 24. Rxa4 d4 25. Nf5 Bf6 26. f3 Bc6 27. Raa1 Rfe8
28. Ng3 d3 29. Nc4 Rxa7 30. Rxa7 Bd4+ 31. Kh1 Bxa7 32. b4 Rd8 33. Nf5 Kf8 34.
Ra1 Bf2 35. Nfd6 d2 36. Rd1 Be1 37. b5 Ba8 38. Ra1 Bd5 39. Nxd2 Bxd2 40. Nf5
Rb8 41. Rb1 g6 42. Nh6 Nxg2 43. Nxf7 Bxf3 44. Ne5 Be4 45. Nd7+ Kg7 46. Rb2 Nf4+
47. Kg1 Be3+ 48. Kf1 Bg2+ 49. Ke1 Nd3+ 50. Ke2 Nxb2 51. Nxb8 Bf4 52. Nd7 Bxh2
53. Nc5 h5 54. b6 Nc4 55. b7 Na5 56. b8=Q Bxb8 57. Nd7 Bd6 0-1